000 01947nam a22003017a 4500
005 20100724133047.0
010 _aENG-96739 B-454665-669
020 _a9788187358220
_c625.00
020 _a818735822x
_c625.00
035 _aEN-80272 B-454665-669
037 _bDABD/PUB
082 _a303.48254094
245 _aThe politics and culture of globalisation:
_bIndia and Australia /
_cedited by Hans Lofgren & Prakash Sarangi
260 _aNew Delhi
_bSocial Science Press
_c2009
270 _a69 Jor Bagh,New Delhi
_e110 003
300 _avi, 352p.
_c22 cm (pbk)
500 _aIncludes Index
700 _aLofgren, Hans
_91245
700 _aSarangi, Prakash
_91246
942 _2ddc
_cEN
_h303.48254094
_mPOL
999 _c37555
_d37555